Normal view
MARC view
- Baird, Jennifer and et all
Entry Personal Name
001 - CONTROL NUMBER
- control field: 10027
003 - CONTROL NUMBER IDENTIFIER
- control field: NUST
005 - DATE AND TIME OF LATEST TRANSACTION
- control field: 20180223093730.0
008 - FIXED-LENGTH DATA ELEMENTS
- fixed length control field: 180223|| aca||aabn | a|a d
040 ## - CATALOGING SOURCE
- Original cataloging agency: NUST
- Transcribing agency: NUST
100 ## - HEADING--PERSONAL NAME
- Personal name: Baird, Jennifer and et all
670 ## - SOURCE DATA FOUND
- Source citation: Work cat.: (NUST): Baird, Jennifer and et all, Chambers School Dictionary /, 2009.
